00535nam a22001697a 450000500170000001000150001702000260003203500130005803700130007108200160008410000200010024500560012026000400017627000730021630000240028950000520031320130612114616.0 aENG-107379 a9788178312330c700.00 aEN-90912 bDBAD/PUB a338.6420954 aArora, Sant lal aInformal sector in urban India /cby Sant Lal Arora aNew DelhibManak Publicationsc2011 aB-7,Saraswati Complex, Subhash Chowk, Laxmi NagarbNew Delhie110092 axxv,212p.c23cm(Hb) aIncludes bibliographical references and indexes